| 000 | 00757nam a22002057a 4500 | ||
|---|---|---|---|
| 005 | 20240830112015.0 | ||
| 008 | 230830b ||||| |||| 00| 0 eng d | ||
| 020 | _a9786289513004 | ||
| 040 |
_aCO-BoUCM _cDavid Moreno _dDavid Moreno |
||
| 041 | _aspa | ||
| 100 | 1 |
_aArango Londoño, Juan Fernando _9178659 |
|
| 245 | 1 | 0 |
_aPatologia de la construccion : _bfundamentos / _cJuan Fernando Arango Londoño |
| 250 | _a1a.ed. | ||
| 260 |
_aMedellin, COL _bCemento ALION _c2022 |
||
| 300 | _a242 Paginas | ||
| 650 | 1 | 7 |
_aConstrucciones _xReparacion y resconstruccion _xFundamentos _9178660 |
| 650 | 1 | 7 |
_aIngeniería arquitectónica _xEdificación _xMantenimiento _9178661 |
| 942 |
_2DEWEY _a1 _cLIBRO _e1 _h690 _mA662p _n0 |
||
| 999 |
_c323105 _d323105 |
||